00781nam a2200241Ia 450000500170000000800410001702000220005804100080008008200150008810000210010324500550012425000120017926000410019130000210023244000060025350000290025965000360028870000210032490600070034594200070035299900170035995201630037620251121225846.0230125s9999 xx 000 0 und d a978-81-8495-626-9 aeng a158.1bHER aHerceg R9215327 aThe Power Book 200 Ways To Make Power Work For You a2nd Ed. c2016bJaico Publishing HouseaMumbai a212pcPaper Back v1 aPersonality Development  aPersonality Development9213420 aHerceg R9215327 b27 cBK c95929d95929 00104070aHIMRbHIMRd2019-03-06ePritam Book Centreg250.00i10785l0o158.1 HER B18480pHIMR-BK-18480r2023-01-25 00:00:00v223.00w2019-03-05yBKzB18480